<?xml version='1.0' encoding='UTF-8'?>
  <record xmlns="http://www.loc.gov/MARC21/slim">
    <leader>00000nem a2200000 i 4500</leader>
    <controlfield tag="001">ocn980445225</controlfield>
    <controlfield tag="003">OCoLC</controlfield>
    <controlfield tag="005">20250626152347.5</controlfield>
    <controlfield tag="008">070726s1745    ne        a     0   dut d</controlfield>
    <datafield tag="040" ind1=" " ind2=" ">
      <subfield code="a">QGJ</subfield>
      <subfield code="b">dut</subfield>
      <subfield code="c">QGJ</subfield>
      <subfield code="d">OCLCL</subfield>
      <subfield code="d">OCLCQ</subfield>
    </datafield>
    <datafield tag="035" ind1=" " ind2=" ">
      <subfield code="a">(OCoLC)980445225</subfield>
    </datafield>
    <datafield tag="041" ind1=" " ind2=" ">
      <subfield code="a">dut</subfield>
    </datafield>
    <datafield tag="084" ind1=" " ind2=" ">
      <subfield code="a">74.20</subfield>
      <subfield code="2">bcl</subfield>
    </datafield>
    <datafield tag="100" ind1="1" ind2=" ">
      <subfield code="a">Keyser, Jacobus.</subfield>
    </datafield>
    <datafield tag="245" ind1="1" ind2="0">
      <subfield code="a">Nieuwe kaart van het Hoogheemraadschap van Rynland, als mede van Amstelland en het Waterschap van Woerden met alle de uitgeveende plassen droogmakeryen enz. tot opheldering van den Tegenwoordigen staat der Vereenigde Nederlanden /</subfield>
      <subfield code="c">[Jacob Keizer tekenaar en graveur].</subfield>
    </datafield>
    <datafield tag="255" ind1=" " ind2=" ">
      <subfield code="a">Schaal [ca. 1:150.000].</subfield>
    </datafield>
    <datafield tag="264" ind1=" " ind2="1">
      <subfield code="a">Te Amst. :</subfield>
      <subfield code="b">by Is. Tirion,</subfield>
      <subfield code="c">1745.</subfield>
    </datafield>
    <datafield tag="300" ind1=" " ind2=" ">
      <subfield code="a">1 krt. :</subfield>
      <subfield code="b">koperdiepdruk, in kleur ;</subfield>
      <subfield code="c">33 x 38 cm</subfield>
    </datafield>
    <datafield tag="336" ind1=" " ind2=" ">
      <subfield code="a">cartografische afbeelding</subfield>
      <subfield code="b">cri</subfield>
      <subfield code="2">rdacontent/dut</subfield>
    </datafield>
    <datafield tag="337" ind1=" " ind2=" ">
      <subfield code="a">zonder medium</subfield>
      <subfield code="b">n</subfield>
      <subfield code="2">rdamedia/dut</subfield>
    </datafield>
    <datafield tag="338" ind1=" " ind2=" ">
      <subfield code="a">vel</subfield>
      <subfield code="b">nb</subfield>
      <subfield code="2">rdacarrier/dut</subfield>
    </datafield>
    <datafield tag="500" ind1=" " ind2=" ">
      <subfield code="a">Verschenen in: 1. Nieuwe hand-atlas [...]. - Te Amsterdam : by Isaak Tirion [...], 1744 [i.e. ca. 1750-1770]; 2. Nieuwe en beknopte hand-atlas [...]. - Te Amsterdam : by Isaak Tirion [...], 1744 [i.e. ca. 1750-1770]; 3. Hedendaegsche historie, of tegenwoordige staet van alle volkeren. - Amsterdam : Isaak Tirion, ná 1769; 4. Nieuwe kleine hand-atlas [...]. - Te Amsterdam : by J. de Groot, H. Warnars en de wed. P. Schouten [...], 1789; 5. Nieuwe en keurige reis-atlas door de XVII. Nederlanden [...]. - Te Amsterdam ; Leyden ; Dordrecht ; Harlingen : by J. de Groot, G. Warnars en de wed. P. Schouten ; S. en J. Luchtmans ; A. Blussé en Zoon ; V. van der Plaats, 1789; 6. Nieuwe en keurige reis-atlas door de XVII. Nederlanden [...]. - Te Amsterdam ; Leyden ; Dordrecht ; Harlingen : by J. de Groot en G. Warnars en de wed. P. Schouten ; S. en J. Luchtmans ; A. Blussé en Zoon ; V. van der Plaats, 1793; 7. Nieuwe en keurige reis-atlas door de XVII. Nederlanden [...]. - Te Amsterdam ; Leyden ; Dordrecht ; Harlingen : by J. de Groot en G. Warnars ; S. en J. Luchtmans ; A. Blussé en Zoon ; V. van der Plaats, 1794; 8. Nieuwe en keurige reis-atlas door de XVII. Nederlanden [...]. - Te Leyden ; Dordrecht ; Amsterdam : by S. en J. Luchtmans ; A. Blussé en Zoon ; G. Warnars, 1804; 9. Nieuwe hand-atlas [...]. - [Amsterdam : Covens &amp; Mortier, ca. 1808]; [10.]Nieuwe hand-atlas [...]. - [Amsterdam : Covens &amp; Mortier, ca. 1813] (keerzijde in manuscript: 'N 47').</subfield>
    </datafield>
    <datafield tag="500" ind1=" " ind2=" ">
      <subfield code="a">Geen typografische tekst op de keerzijde.</subfield>
    </datafield>
    <datafield tag="500" ind1=" " ind2=" ">
      <subfield code="a">Met schaalstok: 3000 Rynlandse roeden of 2 uuren gans.</subfield>
    </datafield>
    <datafield tag="510" ind1="0" ind2=" ">
      <subfield code="a">Koeman, 3, Tir 4 (47)</subfield>
    </datafield>
    <datafield tag="651" ind1=" " ind2="7">
      <subfield code="a">Rijnland (regio)</subfield>
      <subfield code="0">(NL-LeOCL)164051643.</subfield>
      <subfield code="2">gtt</subfield>
    </datafield>
    <datafield tag="655" ind1=" " ind2="7">
      <subfield code="a">Kaarten (vorm)</subfield>
      <subfield code="0">(NL-LeOCL)088143554.</subfield>
      <subfield code="2">gtt</subfield>
    </datafield>
    <datafield tag="856" ind1="4" ind2="1">
      <subfield code="u">http://objects.library.uu.nl/reader/resolver.php?obj=002197854&amp;type=2</subfield>
      <subfield code="x">Online</subfield>
      <subfield code="z">Full image</subfield>
    </datafield>
    <datafield tag="936" ind1=" " ind2=" ">
      <subfield code="a">BATCHLOAD</subfield>
    </datafield>
  </record>